01105nam a2200289Ia 4500001001200000003000800012006001900020007001500039008004100054020001800095020002600113040002100139035002100160050002300181245010200204260004300306300001100349504005100360533015200411650001400563650002700577655002900604700002200633710001700655856012600672999001700798ebr10643393CaPaEBRm u cr cn|||||||||130124s2013 enk sb 001 0 eng d z9781905539826 z9781907836824 (ebook) aCaPaEBRcCaPaEBR a(OCoLC)83093875814aRD563b.P63 2013eb00aProfessional practice for podiatric medicineh[electronic resource] /cedited by Catherine Hayes. aKeswick, Cumbria :bM & K Pub.,c2013. a114 p. aIncludes bibliographical references and index. aElectronic reproduction.bPalo Alto, Calif. :cebrary,d2013.nAvailable via World Wide Web.nAccess may be limited to ebrary affiliated libraries. 0aPodiatry. 0aMentoring in medicine. 7aElectronic books.2local1 aHayes, Catherine.2 aebrary, Inc.40uhttp://site.ebrary.com/lib/rucke/Doc?id=10643393zAn electronic book accessible through the World Wide Web; click to view c44474d44474